000 00587nam a22001937a 4500
005 20251108171000.0
008 250721s1984 xx 000 0 ara d
082 1 4 _aط/004/هوك
100 1 _aهوكس، ن.
245 1 0 _aالعقول الإلكترونية :
_bالكومبيوترز كيف تعمل /
264 1 _aبيروت :
_bدار غاما،
_c1984.
300 _a27ص.
490 0 _aالثورة الإلكترونية
650 1 7 _aالحواسيب
650 1 7 _aلغات البرمجة
650 1 7 _aنظم المعلومات
942 _2ddc
_cBK
999 _c53639
_d53639